Obálka Náhled e-knihy:
Epub
Pro půjčování e-knih musíte být přihlášeni.
Jak si půjčit online?

Wuthering Heights /

On the wild moors of northern England, two souls collide in a love that’s as fierce as the landscape itself.When orphaned Heathcliff is adopted into the brooding estate of Wuthering Heights, he draws the ire of his half-brother and forges an unbreakable connection with Catherine Earnshaw. But when s...

Celý popis

Uloženo v:
Hlavní autor: Brontë, Emily (Autor)
Médium: E-kniha
Jazyk:Czech
Vydáno: Praha : Saga Egmont, 2026
Tagy:
Žádné tagy
LEADER 01700nam a22002297i 4500
001 312249
007 ta
008 260601s2026 xr ||||| |||| 00| 0 cze d
020 |a 9990003952677 
044 |a xr 
100 1 |a  Brontë, Emily  |4 aut 
245 1 0 |a Wuthering Heights /  |c  Brontë, Emily 
264 1 |a Praha :  |b Saga Egmont,  |c 2026 
300 |a 1 online zdroj (198 stran) 
336 |a text  |b txt  |2 rdacontent 
337 |a bez média  |b n  |2 rdamedia 
338 |a online zdroj  |b cr  |2 rdacarrier 
520 2 |a On the wild moors of northern England, two souls collide in a love that’s as fierce as the landscape itself.When orphaned Heathcliff is adopted into the brooding estate of Wuthering Heights, he draws the ire of his half-brother and forges an unbreakable connection with Catherine Earnshaw. But when social expectations and pride tear them apart, their love twists into something darker—an obsession that spans generations and refuses to die.A riveting tale of love, obsession, and revenge, \"Wuthering Heights\" is an essential read if you have even a passing interest in classic English literature. Perfect for fans of the 2026 movie adaptation starring Margot Robbie and Jacob Elordi.Emily Brontë (1818–1848) was an English novelist and poet best known for her singular masterpiece, `Wuthering Heights´. 
910 |a RBIT002 
998 |d 395267  |a https://core.palmknihy.cz/api/books/395267/cover?t9mny5  |b https://core.palmknihy.cz/api/books/395267/cover/400?t9mny5  |c https://core.palmknihy.cz/api/books/395267/cover/50?t9mny5  |e   |g 198  |i 9990003952677  |j https://core.palmknihy.cz/api/books/395267/preview.epub  |l   |q 49  |r 1  |s https://www.palmknihy.cz/kniha/395267  |t ebook  |y 2026  |z 1 
999 |d 312247